[Event "Marmaris Karya-14 IM 2022"]
[Site "Icmeler-Marmaris"]
[Date "2022.02.02"]
[Round "4.2"]
[White "Ahmad, Al Khatib"]
[Black "Haussernot, Cecile"]
[Result "0-1"]
[WhiteElo "2218"]
[BlackElo "2188"]
[Annotator "TA"]
[PlyCount "88"]
[EventDate "2022.02.01"]
[EventType "schev"]
[EventCountry "TUR"]
[SourceTitle "playchess.com"]
[Source "ChessBase"]
[SourceQuality "1"]

{[%evp 11,88,48,48,53,51,51,64,63,95,59,83,-22,95,88,90,87,94,102,125,110,103,87,104,92,83,66,92,30,159,50,52,55,64,12,3,-60,-84,-156,-153,-181,-172,-253,-239,-310,-262,-255,-268,-260,-211,-229,-96,-335,-82,-81,0,0,0,0,0,0,44,-832,-776,-768,-691,-853,-838,-849,-845,-911,-937,-895,-874,-1067,-1025,-29969,-29969,-29975,-29976]} 1. e4 c5 2. Nf3 e6 3. d4 cxd4 4. Nxd4 a6 5. c4 Nc6 6. Nc3 Bc5 7. Nxc6 {B41: Sicilian: Kan Variation: 5 c4.} bxc6 8. Be2 Ne7 9. O-O {White is slightly better.} O-O 10. Bf4 {[#]} d6 $146 ({Predecessor:} 10... f5 11. Bd6 Ba7 12. exf5 Rxf5 13. Bd3 Rf7 14. Ne4 Nf5 15. Be5 d6 16. Bc3 d5 17. cxd5 exd5 {0-1 (46) Kanagarajah,A (1392)-Chau,B (1715) Mooroolbark 2011}) 11. Bg3 (11. Na4 $1 $16 {[%cal Ra4c5]}) 11... f5 (11... e5 $1 $11) 12. Na4 $1 $16 f4 {[#]} 13. Bxf4 Rxf4 14. Nxc5 {[%cal Oe4e5][%mdl 64] Pin} Qc7 15. Nb3 Rxe4 16. Qd3 d5 17. Rac1 a5 18. Bf3 Re5 19. Rfe1 (19. Qc3 $16) 19... Ba6 (19... Rxe1+ $11 20. Rxe1 Qd6) 20. Qd4 (20. Qc3 $16 Rxe1+ 21. Rxe1) 20... Rxe1+ $14 21. Rxe1 Bxc4 22. Nc5 (22. Rxe6 $14 a4 23. Nc5) 22... Nf5 $11 23. Qg4 (23. Qc3 $11 Qd6 24. Nxe6) 23... Re8 $1 $15 24. Qg5 (24. Rxe6 $2 Rxe6 25. Nxe6 Qe5 $19) (24. Nxe6 $2 Qf7 25. Qg5 g6 $19) (24. b3 $142 Qd6 25. bxc4 Qxc5 26. cxd5 cxd5 27. Qa4) 24... Qd6 $1 $17 25. Bg4 Nd4 (25... Qxc5 26. Bxf5 Rf8 27. Bxe6+ Kh8 28. Qd2 $15) 26. Bh5 (26. Qc1 {might work better.}) 26... Rf8 $19 (26... Qxc5 27. Bxe8 Ne2+ 28. Kf1 Ng3+ 29. Kg1 Ne2+ 30. Kf1 Ng3+ 31. Kg1 Ne2+ $11) 27. Na4 Qb4 {[%cal Rb4e1] Really sharp!} ({Not} 27... Bxa2 $2 28. Qe3 c5 29. Bd1 $19) 28. Nc3 Qxb2 29. Qe3 c5 30. Bg4 e5 (30... Qb6 $19 {has better winning chances.} 31. a4 Re8) 31. h4 $2 (31. Rb1 $17 Qc2 32. h3) 31... Qc2 $2 (31... Bxa2 $19 {And now ...h6 would win.} 32. Qg3 e4) 32. h5 $17 h6 (32... Bd3 $17 33. h6 Rf4) 33. Rc1 $1 $11 Qb2 {[%cal Of8f2] Strongly threatening ...Rxf2!} 34. Rb1 $1 Qa3 35. Rb7 Ba6 (35... Kh7 $11 {feels stronger.}) 36. Rxg7+ $2 {[%mdl 8192]} Kxg7 $19 37. Qxe5+ {[#]} Rf6 $1 ({Worse is} 37... Kg8 38. Be6+ Kh7 39. Qc7+ Kh8 40. Qe5+ Kh7 41. Qc7+ Kh8 42. Qe5+ Kh7 $11) 38. Qe7+ Rf7 39. Qe5+ Kh7 40. Nxd5 {[#]} Qc1+ $1 ({And not} 40... Qxa2 41. Qe4+ Kh8 42. Qe5+ Rg7 43. Qe8+ Rg8 44. Qe5+ Rg7 45. Qe8+ Rg8 46. Qe5+ Rg7 $11) 41. Kh2 Qg5 42. Qe4+ Kg7 {( -> ...Qh4+)} 43. g3 {Inhibits Qh4+.} Bb7 44. f4 {[#]} Bxd5 $1 {[%mdl 512] Weighted Error Value: White=0.61/Black=0.35} 0-1

[Event "Marmaris Karya-14 IM 2022"]
[Site "Icmeler-Marmaris"]
[Date "2022.02.02"]
[Round "4.3"]
[White "Rasulov, Vugar"]
[Black "Ozsakallioglu, Okan"]
[Result "1/2-1/2"]
[WhiteElo "2453"]
[BlackElo "2179"]
[Annotator "TA"]
[PlyCount "95"]
[EventDate "2022.02.01"]
[EventType "schev"]
[EventCountry "TUR"]
[SourceTitle "playchess.com"]
[Source "ChessBase"]
[SourceQuality "1"]

{[%evp 9,95,-5,29,13,39,35,50,10,18,10,24,16,20,18,18,20,32,27,39,35,28,36,25,26,29,30,32,35,47,41,78,42,43,43,61,60,79,80,80,79,90,85,93,76,79,66,102,65,65,61,53,59,62,62,106,100,102,101,85,0,0,0,0,0,40,33,40,39,28,31,37,16,25,27,48,31,36,34,39,46,31,36,39,0,0,0,0,0]} 1. d4 d5 2. Nf3 Nf6 3. c4 c6 4. Qa4 dxc4 5. Qxc4 Be6 6. Qc2 {D23: Queen's Gambit Accepted: 3 Nf3 Nf6 sidelines.} Nbd7 7. Nc3 Bg4 8. e3 {White is slightly better.} e6 9. Be2 {[#]} Bd6 $146 ({Predecessor:} 9... Bh5 10. O-O Rc8 11. Rd1 Bd6 12. e4 Bb8 13. Bg5 Qa5 14. Bh4 O-O 15. a3 Bg6 {0-1 (76) Koci,L (1821)-Trojan,L (1989) Olomouc 2017}) 10. O-O Qc7 11. h3 Bxf3 12. Bxf3 O-O 13. Bd2 Rfe8 14. Rac1 Rac8 15. Rfd1 e5 16. dxe5 Nxe5 17. Be2 Qb8 18. Be1 Ng6 19. Na4 Nh4 20. Rd4 Ng6 (20... Bh2+ $2 21. Kh1 $18) 21. Nc5 {[%cal Oc5b7]} Bxc5 22. Qxc5 b6 23. Qc2 {White is more active.} c5 24. Rdd1 Qe5 25. Ba6 Rb8 26. Bb5 {[#] And now Bc3 would win. This bishop pair is nice.} Red8 27. Bc3 Qg5 28. Rxd8+ Rxd8 29. Rd1 Rxd1+ 30. Qxd1 Ne4 31. Be1 $1 h5 (31... Nf8 $14) 32. Qd7 $16 {[#] aiming for Qe8+.} Qe7 33. Qc8+ Nf8 34. Be2 (34. Qa8 $16) 34... Qe5 $11 35. Qb7 $1 Qxb2 36. Bxh5 Nd6 37. Qd5 Qc1 38. Kf1 Qc4+ $1 39. Qxc4 Nxc4 {[%mdl 4096] Endgame KBB-KNN} 40. Ke2 Nd6 41. Bf3 Nd7 42. Bc3 f6 43. Bc6 Nb8 44. Bd5+ Kf8 45. g4 b5 {[%cal Bb6b5,Bb5b4][%mdl 32]} 46. g5 b4 47. Ba1 fxg5 48. Be5 {Weighted Error Value: White=0.08 (flawless) /Black=0.08 (flawless)} 1/2-1/2

[Event "Marmaris Karya-14 IM 2022"]
[Site "Icmeler-Marmaris"]
[Date "2022.02.02"]
[Round "4.4"]
[White "Mammadov, Zaur"]
[Black "Gunduz, Umut Erdem"]
[Result "1/2-1/2"]
[WhiteElo "2417"]
[BlackElo "2252"]
[Annotator "TA"]
[PlyCount "113"]
[EventDate "2022.02.01"]
[EventType "schev"]
[EventCountry "TUR"]
[SourceTitle "playchess.com"]
[Source "ChessBase"]
[SourceQuality "1"]

{[%evp 15,113,8,18,0,3,0,0,0,0,0,0,-24,63,-47,-25,-21,-28,-37,-14,-33,-8,-8,-3,-14,-6,-16,-31,-35,0,0,0,0,0,0,0,0,0,4,10,37,39,0,34,75,88,77,320,95,98,81,86,77,89,72,71,60,73,73,153,81,81,75,73,81,86,0,62,67,66,27,89,40,45,34,43,8,25,0,0,-50,-38,-42,-57,-38,-50,-90,-90,-90,-39,-39,0,0,0,0,0,0,0,0,0,0]} 1. e4 e5 2. Nf3 Nc6 3. Nc3 Nf6 4. Bb5 Bb4 5. O-O O-O 6. d3 d6 7. Ne2 Ne7 8. c3 Ba5 9. h3 {C49: Four Knights: 4 Bb5 Bb4.} c6 10. Ba4 Ng6 11. Ng3 d5 12. Re1 Bc7 13. Be3 {[#]} Re8 $146 (13... Be6 $11) ({Predecessor:} 13... Be6 14. Bc2 Re8 15. Qe2 h6 16. Rad1 Qe7 17. Nf5 Bxf5 18. exf5 Nf8 19. Bf4 e4 {1-0 (42) Belous,V (2561)-Mastrovasilis,A (2513) Chalkidiki 2015}) 14. Qc2 (14. Bg5 $1 $14) 14... Bd7 15. Bg5 {[%cal Og3h5]} b5 16. Bb3 {[%cal Og3h5]} h6 $1 17. Be3 (17. Bxf6 $5 Qxf6 18. a4 $11) 17... Qc8 18. a4 a6 19. axb5 axb5 20. Rxa8 Qxa8 21. Qc1 Nf4 22. Nxe5 Nxh3+ $1 23. gxh3 Bxe5 24. f4 Bc7 {[%cal Rd5e4]} 25. e5 Nh7 26. d4 Bxh3 27. Bc2 Qc8 28. Kf2 {[%mdl 1024] Strongly threatening Rh1. White has compensation.} (28. Kh2 $5 {[%cal Rf4f5]}) 28... Bd8 29. Qb1 $1 Nf8 30. Rh1 $1 {aiming for f5.} Bd7 (30... c5 $16 {was necessary.}) 31. Nf5 $2 (31. f5 $18 {and the rest is easy.}) 31... Bxf5 $16 32. Bxf5 Qc7 33. Qg1 {And now Rxh6 would win.} Kh8 34. Bc2 f6 35. Qg4 Qf7 $1 36. Ke2 $1 {White is much more active.} c5 (36... Bb6 $142) 37. Kd2 (37. dxc5 $142 fxe5 38. fxe5) 37... cxd4 38. cxd4 Ba5+ 39. Kc1 Bb6 40. Kd2 (40. Kb1 $16) 40... Qe7 (40... Ba5+ $1 $11 41. Kd3 f5) 41. Rg1 $14 Ra8 42. Qg2 Ra7 (42... Ra2 43. exf6 Ba5+ 44. Kd3 Qxf6 45. Qxd5 Rxb2 46. f5 $16 (46. Bb3 Rxb3+ 47. Qxb3 Qf5+ 48. Ke2 Ne6 $11)) (42... Rc8 $11 {keeps the balance.}) 43. Ke2 (43. Qxd5 $16 {Threatens to win with Bb3.} Qb4+ 44. Ke2 Qxb2 45. Qb3) 43... Qf7 44. Bb3 Rd7 $1 45. Rc1 Qh5+ 46. Qf3 Qh2+ 47. Bf2 ({White should play} 47. Qf2 $11 Qh5+ 48. Qf3 Qh2+ 49. Qf2 Qh5+ 50. Qf3) 47... Ne6 $15 ({Resist} 47... Bxd4 48. Rc8 Kh7 49. Rxf8 fxe5 50. fxe5 Qxe5+ 51. Kd1 (51. Kf1 Bxf2 52. Qxf2 g6 $16) 51... Bxf2 52. Qxf2 $16) 48. Rc8+ Rd8 49. Rxd8+ Bxd8 50. Kd1 Qxf4 51. Qxd5 {[#]} Qxf2 (51... Ba5 $1 $17 {[%csl Ga5][%cal Rf4d2]} 52. Ke2 (52. Qa8+ Kh7 $17) 52... Qd2+ 53. Kf3 Qd3+ 54. Be3 {[#]} Nxd4+ $1 55. Qxd4 Qxb3 56. exf6 Qf7) 52. Qxe6 {[%csl Gb3][%cal Re6g8]} Qf1+ 53. Kc2 {[%csl Gb3][%cal Re6g8] Chess con chili. The position is equal.} Qe2+ 54. Kb1 {[%csl Gb3][%cal Re6g8]} Qe1+ $1 55. Ka2 {[%csl Gb3][%cal Re6g8]} Qa5+ 56. Kb1 {[%csl Gb3][%cal Re6g8]} Qe1+ 57. Ka2 {Weighted Error Value: White=0.26 (precise) /Black=0.22 (precise)} 1/2-1/2

[Event "Marmaris Karya-14 IM 2022"]
[Site "Icmeler-Marmaris"]
[Date "2022.02.02"]
[Round "4.5"]
[White "Sibashvili, Giorgi"]
[Black "Kizilkus, Akin"]
[Result "1/2-1/2"]
[WhiteElo "2398"]
[BlackElo "2275"]
[Annotator "TA"]
[PlyCount "91"]
[EventDate "2022.02.01"]
[EventType "schev"]
[EventCountry "TUR"]
[SourceTitle "playchess.com"]
[Source "ChessBase"]
[SourceQuality "1"]

{[%evp 13,91,54,58,52,48,59,70,64,70,66,74,74,70,72,63,62,66,69,75,69,68,75,112,114,120,108,127,119,87,98,116,97,105,119,114,97,107,91,166,169,175,160,202,127,139,64,99,108,89,0,0,0,0,0,0,0,0,-14,-8,-8,-7,-5,0,0,0,-74,-37,-138,-113,-113,-113,-106,0,0,0,0,0,0,0,-5]} 1. d4 Nf6 2. c4 g6 3. Nc3 Bg7 4. e4 d6 5. Be2 O-O 6. Be3 e5 7. d5 Na6 8. g4 {E73: King's Indian: Averbakh Variation without 6...c5.} Nc5 9. f3 h5 {seems to push 9...a5 aside.} 10. g5 {And now b4 would win. White is slightly better.} Nh7 11. h4 f6 12. gxf6 $1 Bxf6 13. Bf2 Be7 14. Kd2 Rf4 {[%cal Re7h4]} 15. Qe1 $1 Bd7 16. Kc2 Na4 {[#]} 17. Nh3 $146 ({Predecessor:} 17. Nd1 c6 18. b3 cxd5 19. bxa4 Bxa4+ 20. Kb2 d4 21. Rc1 d5 22. cxd5 Qb6+ 23. Ka1 {½-½ (35) Wagner,D (2572)-Sutovsky,E (2633) Douglas 2018}) 17... Rxh4 18. Bxh4 Bxh4 19. Qg1 Qf6 20. f4 $1 {To avoid Ng5} Nxc3 (20... exf4 21. Bxh5 g5 22. Bg4 Nxc3 23. bxc3 Bxg4 24. Qxg4) 21. bxc3 {Threatens to win with Bxh5.} Kh8 22. Rf1 {Black must now prevent fxe5.} Rg8 (22... Bxh3 $2 23. fxe5 Qxe5 24. Rxh3 $16) 23. Qh2 {aiming for Ng1.} Qe7 24. Ng1 Bf6 25. f5 {fxg6 is the strong threat.} h4 (25... Be8 $16) 26. fxg6 $18 Rxg6 27. Nf3 $1 h3 (27... Rg4 $16 {might work better.}) 28. Rhg1 Qg7 29. Nd2 ({White should try} 29. Qf2 $16) 29... Bg5 30. Bh5 $1 Rh6 {[#]} 31. Bg4 (31. Bf7 $1 $16) 31... Be3 $1 $36 {[%csl LRg1,LRg4][%mdl 2048] Black fights for an advantage.} 32. Be6 $1 {Really sharp!} Bxg1 33. Rxg1 Ba4+ 34. Kb2 Ng5 35. Qf2 h2 36. Rh1 Nxe6 37. dxe6 Qf6 38. Qxa7 ({Reject} 38. Qxf6+ Rxf6 39. Rxh2+ Kg7 $17) 38... Be8 39. Qb8 (39. Qxb7 $11 Qxe6 40. Qxc7) 39... Qxe6 $17 {Hoping for ...Qg6.} 40. Nf3 (40. Qxc7 $15 Kg8 41. c5) 40... Qf7 41. Rxh2 Rxh2+ 42. Nxh2 b6 ({Black should play} 42... Kg7 $17 {Strongly threatening ...Qf2+.} 43. Nf3 {[#]} Qxc4 $1 44. Qxe8 Qe2+ 45. Kb3 Qd1+ 46. Kb2 Qxf3) 43. Ng4 {Inhibits Qf2+. The position is equal.} Kg7 $1 44. Ne3 ({Of course not} 44. Qd8 Kg6 45. Ne3 Bc6 $15) 44... Qf2+ 45. Nc2 $1 Qf7 46. Ne3 {White really could win this.  Weighted Error Value: White=0.13 (very precise) /Black=0.09 (flawless)} 1/2-1/2

[Event "Marmaris Karya-14 IM 2022"]
[Site "Icmeler-Marmaris"]
[Date "2022.01.31"]
[Round "5.1"]
[White "Boshra, Alshaeby"]
[Black "Ahmad, Al Khatib"]
[Result "0-1"]
[WhiteElo "1974"]
[BlackElo "2218"]
[Annotator "TA"]
[PlyCount "46"]
[EventDate "2022.02.01"]
[EventType "schev"]
[EventCountry "TUR"]
[SourceTitle "playchess.com"]
[Source "ChessBase"]
[SourceQuality "1"]

{[%evp 11,46,25,50,47,55,53,58,24,54,4,68,-12,40,-68,-62,-87,-73,-68,-56,-533,-18,-71,-85,-241,-230,-258,-275,-271,-271,-255,-262,-325,-318,-372,-345,-346,-343]} 1. e4 c5 2. d4 cxd4 3. c3 d3 4. Bxd3 d6 5. Nf3 Nf6 6. O-O e6 7. Qe2 {B21: Sicilian: 2 f4 and Morra Gambit.} Be7 8. Bf4 {[#]} O-O $146 ({Predecessor:} 8... Nbd7 9. Rd1 O-O 10. Nbd2 Qc7 11. e5 Nd5 12. Bg3 dxe5 13. Nxe5 Nxe5 14. Bxe5 Bd6 {½-½ (33) Albets Real,M (1630)-Campins Machado,F (2069) Barcelona 2016}) 9. Nbd2 {White is slightly better.} Nbd7 10. Rad1 (10. e5 $14 dxe5 11. Nxe5) 10... Qc7 (10... Nc5 $11) 11. Bb1 ({White should play} 11. e5 $1 $14 Nd5 12. Bg3 (12. Qe4 f5 $17)) 11... b6 (11... e5 $11 12. Be3 Nc5) 12. Nc4 (12. e5 $14 Nxe5 13. Nxe5 dxe5 14. Bxe5 (14. Qxe5 Qxe5 15. Bxe5 Rd8 $11)) 12... Ba6 $15 13. Nfd2 Rac8 $36 {[%cal Ra6c4][%mdl 2048] Black is in control.} 14. Bd3 {[%cal Oc4d6]} Nc5 15. b4 $2 {[%mdl 8192] [#]} ({White should try} 15. Bc2 $15) 15... Na4 $2 (15... Nxd3 $19 16. Qxd3 Bxc4 17. Nxc4 Qxc4) 16. Rc1 (16. e5 $1 $11 dxe5 17. Bxe5) 16... Rfd8 $17 17. Na3 $2 (17. Qd1 $17 {was called for.} b5 18. Qb3) 17... Nxc3 $19 18. Rxc3 Qxc3 19. Bxa6 {[#] Strongly threatening Nb5.} Qxa3 20. Bxc8 Rxc8 21. Qe3 Qxb4 ({Not} 21... Qxa2 $2 22. b5) 22. Qb3 Qxb3 23. axb3 d5 {Weighted Error Value: White=0.86/Black=0.53} 0-1

[Event "Marmaris Karya-14 IM 2022"]
[Site "Icmeler-Marmaris"]
[Date "2022.01.31"]
[Round "5.2"]
[White "Haussernot, Cecile"]
[Black "Rasulov, Vugar"]
[Result "0-1"]
[WhiteElo "2188"]
[BlackElo "2453"]
[Annotator "TA"]
[PlyCount "88"]
[EventDate "2022.02.01"]
[EventType "schev"]
[EventCountry "TUR"]
[SourceTitle "playchess.com"]
[Source "ChessBase"]
[SourceQuality "1"]

{[%evp 10,88,24,24,27,21,55,44,74,31,49,13,7,-6,-8,-50,-45,-52,-52,-48,-56,-56,-7,-27,-20,-25,-24,-37,33,39,64,59,59,60,54,57,68,36,85,0,41,43,43,60,56,-52,-45,-43,-97,-78,-40,-231,-231,-225,-235,-270,-185,-248,-215,-244,-241,-342,-351,-481,-358,-426,-403,-357,-225,-227,-225,-29977,-29978,-29983,-29984,-29988,-29989,-29990,-540,-29991,-29992]} 1. e4 c5 2. Nf3 g6 3. c3 Bg7 4. d4 cxd4 5. cxd4 d5 6. e5 Nh6 $1 {[%mdl 4] now scores much better than the old 6...Bg4. B27: Sicilian: 2 Nf3, unusual Black 2nd moves.} 7. Bf4 Bg4 8. Qd2 Ng8 {[%cal Bh6g8,Bg8e7,Be7f5][%mdl 32] [#] White is slightly better.} 9. Be2 $146 (9. Ng1 $16) ({Predecessor:} 9. Ng1 Nc6 10. Nc3 a6 11. h3 Bf5 12. Rc1 Rc8 13. Nf3 h6 14. Be2 g5 15. Be3 {1-0 (37) Lockwood,A (2327)-Herriot,B (2085) ICCF email 2011}) 9... Nc6 10. O-O e6 11. Rd1 Nge7 12. b4 (12. Na3 $11 {is superior.}) 12... Bxf3 $15 13. Bxf3 Nf5 $1 14. Be3 Qb6 {[%cal Oc6d4] [#] White must now prevent ...Ncxd4!} 15. Nc3 O-O (15... Qxb4 $15 {was preferrable.} 16. Rab1 Qe7) 16. Rab1 Rac8 {[%cal Oc6d4] And now ...Ncxd4! would win.} 17. Na4 Qd8 18. Be2 f6 (18... Qe7 $15) 19. b5 $1 $14 Nb8 20. Nc5 Qe7 21. exf6 Bxf6 22. Bg4 $1 b6 23. Nd3 (23. Bxf5 $5 gxf5 24. Nd3 $14) 23... Nd7 (23... Bxd4 $14 24. Bxf5 Bc3) 24. Re1 (24. Nb4 $16) 24... Rc4 (24... Bxd4 $11 25. Bxd4 (25. Bxf5 Bc3 $15) 25... Nxd4) 25. Bxf5 gxf5 26. Rbc1 Rfc8 27. Nb2 ({Better is} 27. a3 $1 $14) 27... Rxc1 $15 28. Rxc1 Rxc1+ 29. Qxc1 Qb4 30. Bh6 $2 {This costs White the game.} (30. Qc8+ Nf8 31. Nd3 Qa4 $17) ({White should play} 30. h4 $15) 30... Kf7 $19 ({Worse is} 30... Qxb5 31. Qd2) ({And not} 30... Bxd4 31. Nd3 Qc4 32. h3 (32. Qg5+ $2 Kf7 $19)) 31. Nd3 Qxd4 ({Wrong is} 31... Qxb5 $2 32. Ne1) 32. Qd1 Qg4 33. Qc1 (33. Qxg4 $142 fxg4 34. Nb4) 33... Nc5 34. Nxc5 bxc5 35. Bf4 (35. Be3 {is the only way for White.}) 35... Qe2 {[%csl LRa2,LRb5]} 36. a4 Bd4 37. Be3 Bxe3 38. fxe3 {[%mdl 4096] Endgame KQ-KQ} Kg6 {Threatens to win with ...d4.} 39. h3 {[#]} d4 $1 {[%cal Bd5d4,Bd4d3,Bd3d2][%mdl 32]} 40. a5 $2 (40. Qxc5 $19 dxe3 41. Qe7 Qf2+ 42. Kh1 Qf1+ 43. Kh2 Qf4+ 44. Kh1) 40... d3 41. Qf1 Qxe3+ 42. Qf2 f4 43. Kf1 Qc1+ 44. Qe1 d2 {Weighted Error Value: White=0.50/Black=0.20 (precise)} 0-1

[Event "Marmaris Karya-14 IM 2022"]
[Site "Icmeler-Marmaris"]
[Date "2022.01.31"]
[Round "5.3"]
[White "Ozsakallioglu, Okan"]
[Black "Mammadov, Zaur"]
[Result "0-1"]
[WhiteElo "2179"]
[BlackElo "2417"]
[Annotator "TA"]
[PlyCount "34"]
[EventDate "2022.02.01"]
[EventType "schev"]
[EventCountry "TUR"]
[SourceTitle "playchess.com"]
[Source "ChessBase"]
[SourceQuality "1"]

{[%evp 17,34,16,25,14,46,22,17,25,27,0,-16,-26,0,-26,0,0,0,-283,-281]} 1. e4 e6 2. d4 d5 3. Nd2 c5 4. Ngf3 Nc6 5. exd5 exd5 6. Bb5 cxd4 7. O-O Bd6 8. Nb3 Nge7 9. Nbxd4 O-O 10. Bd3 {C09: French Tarrasch: 3...c5 4 exd5 exd5 5 Ngf3 Nc6.} Ng6 {[#]} 11. h3 $146 ({Predecessor:} 11. c3 a6 12. Re1 Qc7 13. h3 Bd7 14. Bd2 Rad8 15. Qc2 Rfe8 16. Rad1 Bc8 17. Bg5 Rxe1+ 18. Rxe1 {0-1 (38) Can,E (2569)-Vysochin,S (2501) Chess.com INT 2020}) 11... Nxd4 12. Nxd4 {The position is equal.} Qf6 13. Nb5 (13. c3 $142) 13... Be5 $11 14. Qh5 h6 {To avoid Bg5} 15. Re1 {Threatens to win with Bxg6.} Bd7 (15... Re8 $5 {[%cal Re5h2]}) 16. Bxg6 {And now Bd3 would win.} Bxb5 {The board is on fire.} 17. c4 $2 {[%mdl 8192] [#]} Bd4 $1 {Weighted Error Value: White=0.82/Black=0.12 (very precise)} ({Not} 17... fxg6 18. Qxe5 Qxf2+ 19. Kh2 $17) ({Worse is} 17... Qxg6 18. Qxg6 fxg6 19. Rxe5 Bxc4 20. b3 $11) ({Inferior is} 17... dxc4 18. Bxh6 (18. Bh7+ Kxh7 19. Rxe5 a6 $17) 18... gxh6 19. Qxe5 fxg6 20. Qxb5 $11) (17... Bxc4 18. Qxe5 Qxg6 19. Bf4 $15 (19. b3 Bb5 $15)) (17... Bxb2 18. Bxb2 Qxb2 19. cxb5 fxg6 20. Qxd5+ Kh7 21. f3 $15) 0-1

[Event "Marmaris Karya-14 IM 2022"]
[Site "Icmeler-Marmaris"]
[Date "2022.01.31"]
[Round "5.4"]
[White "Gunduz, Umut Erdem"]
[Black "Sibashvili, Giorgi"]
[Result "0-1"]
[WhiteElo "2252"]
[BlackElo "2398"]
[Annotator "TA"]
[PlyCount "94"]
[EventDate "2022.02.01"]
[EventType "schev"]
[EventCountry "TUR"]
[SourceTitle "playchess.com"]
[Source "ChessBase"]
[SourceQuality "1"]

{[%evp 25,94,24,33,7,35,25,34,35,24,25,12,22,39,26,31,21,12,24,25,18,83,88,96,89,85,44,179,179,342,0,28,-37,-48,-185,-220,-194,-215,-198,-193,-335,-317,-390,-350,-347,-341,-328,-327,-351,-143,-500,-399,-506,-500,-479,-470,-540,-543,-539,-537,-535,-514,-542,-543,-567,-568,-5361,-654,-4998,-5006,-2382,-547]} 1. e4 c5 2. Nf3 {[%cal Bg1f3,Bf3d4,Bd4b5,Bb5c3,Bc3e2][%mdl 32]} Nc6 3. d4 cxd4 4. Nxd4 Nf6 5. Nc3 e6 {[%cal Be7e6,Be6d5,Bd5d4][%mdl 32]} 6. Ndb5 Bb4 7. a3 Bxc3+ 8. Nxc3 d5 9. exd5 exd5 10. Bd3 O-O 11. O-O d4 12. Ne2 Bg4 13. f3 {13.Bg5 injects fresh life into this line.} Bh5 $1 14. Nf4 {B45: Sicilian Four Knights.} Bg6 15. Nxg6 hxg6 16. f4 {White is slightly better.} Qb6 17. Qf3 Rfe8 18. Bd2 Re3 19. Bxe3 dxe3 20. Kh1 {And now Rab1 would win.} Re8 $1 21. Rae1 Nd4 22. Qd1 {[#]} a6 $146 (22... Qxb2 $11 23. Qc1 Qxc1 24. Rxc1 a6) ({Predecessor:} 22... Qxb2 23. Qc1 Qxc1 24. Rxc1 a6 25. Rb1 Ng4 26. Kg1 Nf2 27. Rxf2 exf2+ 28. Kxf2 Re7 29. Rb4 {½-½ (29) Dolgov,V (2352)-Gromov,S (2249) ICCF email 2013}) 23. c3 $16 Nb3 24. Rf3 $1 {Hoping for Qe2.} Nd2 25. Rh3 (25. Rg3 $1 $16) 25... Re6 ({Better is} 25... Re7 $14) 26. Qe2 $1 $18 {[%cal Rh3e3]} Nd5 (26... Qxb2 {is a better defense.} 27. f5 (27. Rxe3 Rxe3 28. Qxe3 Qxc3 $16) 27... gxf5) 27. Qg4 $2 (27. f5 $1 $18 {[%cal Rf5e6]} gxf5 28. Qh5 (28. Bxf5 Nf4 $11)) 27... f5 $11 28. Qh4 ({Weaker is} 28. Bxf5 gxf5 29. Qxf5 Nf6 $19) (28. Qg5 $1 $11) 28... Kf7 $15 {Active counter play!} 29. Bb1 {Black converts the advantage convincingly.} ({White should play} 29. a4 $15) 29... Nxb1 $19 30. Rxb1 {[#]} Nxc3 $1 {[%mdl 512]} 31. Re1 Nd5 32. Rf3 (32. b3 $142) 32... Qxb2 33. Qd8 Qd2 34. Rff1 Re8 35. Qd6 e2 36. Rg1 Re6 $40 {[%mdl 128] Black has strong attack. Dancing on a razor blade.} (36... Qd3 $19 {is more deadly.} 37. h3 Qc4) 37. Qd8 $2 {[%mdl 8192]} (37. Qd7+ $17 {nothing else works.} Re7 38. Rxe2 Qxe2 39. Qxd5+ Qe6 40. Qf3) 37... Re7 38. Qd6 Qd3 {Black is clearly winning.} 39. h3 a5 40. a4 Nb4 41. Qc5 Qe4 42. Qxa5 {[%cal Oe1e2]} Nd3 43. Qd2 Nxf4 44. Qa2+ Re6 45. Rc1 Nd3 (45... Nxh3 $142 46. Rc7+ Kg8 47. Re1 Nf4 48. Qxe6+ Qxe6 49. Rc2 Qe4 50. Rexe2 Nxe2 51. Rxe2 Qxe2 52. Kg1 g5 53. a5 f4 54. a6 bxa6 55. Kh1 g4 56. Kh2 g3+ 57. Kh3 Qh5#) 46. Rc7+ Kf6 47. Qa1+ Qe5 {Weighted Error Value: White=0.81/Black=0.32} (47... Kg5 $142 48. Rd7 {[#]} Qh4 $1 49. Rxd3 e1=Q) 0-1